• 首页
  • 本馆介绍
  • 公告通知
  • 最新文献
  • 馆藏检索
  • 电子资源
  • 读者导购
  • 参考咨询
  • 我的图书馆
  • 登录
  • 详细信息显示
  • 放入我的书架
  • 预约/预借图书
  • 作者相关作品
  • 分类相关作品
  • 丛书相关作品
  • 出版社相关作品

书目信息

  • 表格格式
  • 工作单格式
  • 卡片格式
题名:
寓言故事集
    
 
作者: 于翠玲 编著
分册:  
出版信息: 北京   中国文联出版社  2000
页数: 13,271页
开本: 20cm
丛书名: 中华文史故事文库
单 册:
中图分类: I277.4 , I247.8
科图分类:
主题词: 寓言--中国--选集 , 寓言 , 小说--中国
电子资源:
ISBN: 7-5059-3557-7
000 00707oam2 2200265 450
001 1534507551
005 20150120093549.25
010    @a7-5059-3557-7@dCNY15.00
100    @a20000301d2000 em y0chiy0110 ea
101 0  @achi
102    @aCN@b110000
105    @ay z 000fy
200 1  @a寓言故事集@9yu yan gu shi ji@f于翠玲编著
210    @a北京@c中国文联出版社@d2000
215    @a13,271页@d20cm
225 2  @a中华文史故事文库@h第四辑
461  0 @12001 @a中华文史故事文库
606 0  @a寓言@y中国@x选集
606 0  @a寓言
606 0  @a小说@x中国
690    @aI277.4@v5
690    @aI247.8@v4
701  0 @a于翠玲@9yu cui ling@4编著
801  0 @aCN@bTSSF@c20150120
905    @aZUCC@dI247.8@eJY141
    
    寓言故事集/于翠玲编著.-北京:中国文联出版社,2000
    13,271页;20cm.-(中华文史故事文库.第四辑)
    
    
    ISBN 7-5059-3557-7:CNY15.00
    
●
相关链接 在E读中查询图书 在五车中查询图书 在当当中查询图书 在豆瓣中查询图书


正题名:寓言故事集     索取号:I247.8/JY141         预约/预借

序号 登录号 条形码 馆藏地/架位号 状态 备注
1 7850695   278506957   学院路分馆/ [索取号:I247.8/JY141] 在馆    
2 7850696   278506966   学院路分馆/ [索取号:I247.8/JY141] 在馆    
唐山师范学院图书馆 欢迎您!
大连网信软件有限公司© 版权所有